Click Chain #10 - Statistics

General Stats
  • This quiz has been taken 10,421 times
  • The average score is 21 of 30
Answer Stats
Hint Answer % Correct
The full name of Hollywood's most successful child actress of the 1930s was: Shirley Temple
98%
...which is a "mocktail" because it has no: Alcohol
96%
...of which, there were: 12
84%
...which is the opposite of: Hydrophobia
83%
...whose death rate after diagnosis, as a percentage, is nearly: 100
82%
...the most famous of whom was famously featured in a play by: Shakespeare
82%
...where people have the demonym: Venetian
82%
...who wrote a character who was a merchant from: Venice
81%
...where someone might try to get away with a: Bluff
79%
...which is the year of death of the last surviving: Apostle of Jesus
78%
...which was created in part by: Oppenheimer
77%
...when one of the Roman Consuls had the title of: Caesar
76%
...which, by definition, must contain a: Hydroxy Group
74%
...whose project culminated with the creation of the: Nuclear Bomb
74%
...which is purported to be the world's largest: Temple
74%
...which is the primary religion in: Nepal
72%
...which is an opening bet one is forced to make in some types of: Poker
72%
...which is the birthplace of: The Buddha
72%
...which is one of the deities in: Hinduism
70%
...which was a slang term that referred to someone from: Manhattan
70%
...which is a common type of window: Blind
68%
...which was, historically, a term for: Rabies
68%
...which is a statistic tracked in: Baseball
66%
...which is synonymous with: Error
64%
...which can make organic compounds water-soluble, or give the property of: Hydrophilia
64%
...which can form at a geologic: Fault
62%
...whose "first" set of rules were named after a firehouse called: Knickerbocker
54%
...who might be worshipped in: Angkor Wat
46%
...which is synonymous with: Escarpment
41%
...who, in an interview about his life's work, quoted: Vishnu
37%
No matching quizzes found
Score Distribution
Percent of People with Each Score
Percentile by Number Answered
Your Score History
You have not taken this quiz